000147309 001__ 147309
000147309 005__ 20241217145103.0
000147309 037__ $$aTAZ-TFG-2024-1626
000147309 041__ $$aspa
000147309 1001_ $$aGuallar Padilla, Ariana
000147309 24200 $$aTriunfo and Transition: an approximation of feminist thought
000147309 24500 $$aTriunfo y Transición: una aproximación al  pensamiento femenino
000147309 260__ $$aZaragoza$$bUniversidad de Zaragoza$$c2024
000147309 300__ $$ematerial-fisico-adicional
000147309 500__ $$aResumen disponible también en inglés.  Incluye dos anexos, el primero una lista con nombres y el siguiente una tabla en formato Excel.
000147309 506__ $$aby-nc-sa$$bCreative Commons$$c3.0$$uhttp://creativecommons.org/licenses/by-nc-sa/3.0/
000147309 520__ $$aEl estudio se enfoca en la revista Triunfo durante el año 1979 y su significancia en la transición hacia la democracia en España. Una revista que se destacó por su compromiso con la libertad de expresión y su valiente oposición al régimen franquista, posicionándose como un espacio clave de resistencia intelectual. Durante el trabajo, se explora el papel de las mujeres en la revista examinando el tipo de temas que trataban en sus artículos, destacando la defensa de la igualdad de género en lo público y en lo privado. Además, de una sección dedicada a Cristina Peri Rossi, una colaboradora prominente destacada por el trato del tema del exilio no solo desde una perspectiva femenina, sino global y su enfoque en cuestiones exclusivamente femeninas. Por lo que dicho trabajo. enfatiza la importancia de comprender cómo los medios de comunicación influyen en la percepción y legitimación de movimientos políticos y sociales, destacando el rol de Triunfo en la promoción del pensamiento feminista durante la transición española. <br /><br />
000147309 521__ $$aGraduado en Filología Hispánica
000147309 540__ $$aDerechos regulados por licencia Creative Commons
000147309 691__ $$a5 10
000147309 692__ $$aUna aproximación al pensamiento femenino durante la Transición española en la prensa donde el principal foco de opinión estaba focalizada en los hombres.
000147309 700__ $$aNaval López, Mª Ángeles$$edir.
000147309 7102_ $$aUniversidad de Zaragoza$$bLingüística y Literatura Hispánicas$$c
000147309 8560_ $$f820656@unizar.es
000147309 8564_ $$s441388$$uhttps://zaguan.unizar.es/record/147309/files/TAZ-TFG-2024-1626.pdf$$yMemoria (spa)
000147309 909CO $$ooai:zaguan.unizar.es:147309$$pdriver$$ptrabajos-fin-grado
000147309 950__ $$a
000147309 951__ $$adeposita:2024-12-17
000147309 980__ $$aTAZ$$bTFG$$cFFYL
000147309 999__ $$a20240531124542.CREATION_DATE